European history 1643-1848 / (Record no. 187220)
[ view plain ]
| 000 -LEADER | |
|---|---|
| fixed length control field | 01884 a2200193 4500 |
| 003 - CONTROL NUMBER IDENTIFIER | |
| control field | Nust |
| 005 - DATE AND TIME OF LATEST TRANSACTION | |
| control field | 20230404125213.0 |
| 010 ## - LIBRARY OF CONGRESS CONTROL NUMBER | |
| LC control number | 20012610 |
| 040 ## - CATALOGING SOURCE | |
| Transcribing agency | Nust |
| 082 ## - DEWEY DECIMAL CLASSIFICATION NUMBER | |
| Classification number | 940,SOU |
| 100 ## - MAIN ENTRY--PERSONAL NAME | |
| Personal name | W. Southgate, George, |
| 9 (RLIN) | 111728 |
| 245 ## - TITLE STATEMENT | |
| Title | European history 1643-1848 / |
| Statement of responsibility, etc. | George W. Southgate |
| 260 ## - PUBLICATION, DISTRIBUTION, ETC. | |
| Place of publication, distribution, etc. | London |
| Name of publisher, distributor, etc. | J.M. Dent and Sons Ltd |
| Date of publication, distribution, etc. | 1953 |
| 300 ## - PHYSICAL DESCRIPTION | |
| Extent | xxii, 442 p |
| Other physical details | illus.,) |
| Dimensions | plates, ports., |
| Accompanying material | illustrated with 36 maps |
| Type of unit | 20 cm. |
| 505 ## - FORMATTED CONTENTS NOTE | |
| Formatted contents note | Introduction: The Religious Wails And The Peace Of Westphalia (Page-xvii),Mazarin (Page-1), Louis Xiv (Page-8), The Foreign Policy Of Louis Xiv-To The Peace Of Ryswick (Page-23),The Foreign Policy Of Louis Xiv-The Spanish Succession (Page-37),The United Provinces (Page-58),Brandenburg-Prussia, 1640-1740 (Page-66),The Earlll!R Part Op Louis Xv's Reign (Page-76),Philip V And Elizabetii Farnese (Page-85),The Austrian Succession (Page-95),The Diplomatic Revolution And Thi! Seven Y Ea!Ls' W Aii. (Page-107),Benevolent Despotism (Page-119),The Church And The Jesuits In The Eighteenth Ce."Itury (Page-128),Poland (Page-134), Sweden (Page-141),The Ancien Regime In France (Page-150),The French Revolution (Page-169),The French Revolutionary War (Page-179),Napoleon's Rule In France (Page-192),The Napoleonic W Ails-;-To The Treaty of Tilsit (Page-199),The Decline Op Napoleo!L's Po\Ver (Page-207),Prussia, 1740-I815 (Page-224),The Congress Of Vie.'Ina (Page-238),The Break-Up Of The C Oncert Of Europf (Page-245),Metternich And The German Confederation (Page-250),Tm Restored Monarchy In France (Page-256), Belgian Lndependl!.~Ce (Page-266),Italy In Nm First Hal1' Op Thl! Nineteenth Century (Page-270),Rossia (Page-278),Tm: Turks (Page-289),Thi! Year Op Revolutions (Page-306),Genealogical Tables (Page413). |
| 600 ## - SUBJECT ADDED ENTRY--PERSONAL NAME | |
| Personal name | W. Southgate, George, |
| 9 (RLIN) | 111728 |
| 650 ## - SUBJECT ADDED ENTRY--TOPICAL TERM | |
| Topical term or geographic name entry element | Modern History |
| 9 (RLIN) | 72478 |
| 942 ## - ADDED ENTRY ELEMENTS (KOHA) | |
| Source of classification or shelving scheme | |
| Koha item type | Book |
| Call number prefix | 940,SOU |
| Withdrawn status | Lost status | Source of classification or shelving scheme | Damaged status | Not for loan | Collection code | Permanent Location | Current Location | Date acquired | Total Checkouts | Full call number | Barcode | Date last seen | Price effective from | Koha item type |
|---|---|---|---|---|---|---|---|---|---|---|---|---|---|---|
| Military College of Signals (MCS) | Military College of Signals (MCS) | 12/12/2016 | 940 SOU | MCS34432 | 12/08/2016 | 12/12/2016 | Book |
